000 00461nam a2200169 i 4500
001 181265
003 ES-MaACL
005 20230906221321.0
008 121122s1860 fr |||| | fre d
080 _a821.133.1-31"18"
100 0 _aAimard, Gustave.
_918974
245 1 0 _aCurumilla /
_cpar Gustave Aimard.
250 _a3e éd.
260 _aParis :
_bAmyot,
_c1860 (
_fImprimerie Ernest Meyer)
300 _a336 p. ;
_c18 cm.
852 _aES-MaACL
_jD-4214
999 _c181265
_d181265